00321nam a2200121Ia 4500008004100000082001500041100003300056245001700089260005100106300000800157630001700165730001700182100122s9999 xx 000 0 und d b69120a823 aराजे शैलजा aसावर bमनोरमा प्रकाशनc2006 a166 aसावर aसावर